Quiz entraineurs de Foot par equipe 2025 - Statistiques

Statistiques générales
  • Ce quiz a été pris 279 fois
  • Le résultat moyen est 16 sur 32
Statistiques - réponses
Club Entraineur % Correct
Manchester City Pep Guardiola
96%
Atlético Madrid Diego Simeone
92%
PSG Luis Enrique
91%
FC Barcelone Hansi Flick
90%
Real Madrid Carlo Ancelloti
86%
Arsenal Mikel Arteta
84%
Bayern Munich Vincent Kompany
83%
Liverpool Arne Slot
80%
Bayer Leverkussen Xabi Alonso
79%
Olympique de Marseille Roberto De Zerbi
78%
Aston Villa Unai Emery
77%
Inter Milan Simone Inzaghi
73%
LOSC Bruno Genesio
68%
Manchester United Ruben Amorim
68%
Olympique Lyonnais Paulo Fonseca
65%
Juventus Thiago Motta
63%
Naples Antonio Conte
46%
Chelsea FC Enzo Maresca
46%
AC Milan Sergio Conceiçao
37%
AS Rome Claudio Ranieri
34%
Newcastle Eddie Howe
32%
Borussia Dortmund Niko Kovac
32%
Atalanta Bergame Gian Piero Gasperini
27%
Nottingham Forest Nuno Espírito Santo
27%
PSV Peter Bosz
21%
Leipzig Marco Rose
16%
Ajax Amsterdam Francesco Farioli
14%
West Ham United Graham Potter
9%
Paris FC Stéphane Gilli
8%
FC Sevilles Garcia Pimienta
4%
Club Bruges Nicky Hayen
4%
Shakhtar Marino Pusic
2%
Aucun quiz correspondant
Distribution des résultats
% des personnes avec chaque résultat
Percentile par nombre de réponses
Votre historique - résultats
Vous n’avez pas pris ce quiz